English for Business Communication / A Short Course Consisting of Five Modules: Cultural Diversity and Socialising, Telephoning, Presentations, Meetings and Negotiations: Student's Book (Record no. 5034)
[ view plain ]
| 000 -LEADER | |
|---|---|
| fixed length control field | 01270cam a22002054a 4500 |
| 005 - ΗΜΕΡΟΜΗΝΙΑ ΚΑΙ ΩΡΑ ΤΕΛΕΥΤΑΙΑΣ ΕΝΗΜΕΡΩΣΗΣ | |
| Πεδίο ελέγχου | 20250605164203.0 |
| 008 - FIXED-LENGTH DATA ELEMENTS--GENERAL INFORMATION | |
| Πεδίο ελέγχου σταθερού μήκους | 250528s ||||||||||||||||||||||||d |
| 035 ## - SYSTEM CONTROL NUMBER | |
| System control number | 19778 |
| 020 ## - ISBN | |
| ISBN | 521446201 |
| 040 ## - ΠΗΓΗ ΚΑΤΑΛΟΓΟΓΡΑΦΗΣΗΣ | |
| Φορέας πρωτότυπης καταλογογράφησης | MC Athens Campus Library |
| Γλώσσα καταλογογράφησης | Ελληνικά, Μοντέρνα (1453-) |
| Modifying agency | MC Athens Campus Library |
| Κανόνες περιγραφικής καταλογογράφησης | AACR2 |
| 245 1# - ΤΙΤΛΟΣ ΚΑΙ ΔΗΛΩΣΗ ΥΠΕΥΘΥΝΟΤΗΤΑΣ | |
| Τίτλος | English for Business Communication / A Short Course Consisting of Five Modules: Cultural Diversity and Socialising, Telephoning, Presentations, Meetings and Negotiations: Student's Book |
| 250 ## - EDITION STATEMENT | |
| Edition statement | 1st |
| 260 ## - PUBLICATION, DISTRIBUTION, ETC. | |
| Name of publisher, distributor, etc. | Cambridge University Press, |
| Date of publication, distribution, etc. | 1997 |
| 300 ## - PHYSICAL DESCRIPTION | |
| Extent | 158 |
| 520 ## - SUMMARY, ETC. | |
| Summary, etc. | A short course for intermediate level students who need to improve their communicative ability. Introduction, Cultural Diversity, Building a Relationship, Culture and Entertainment, Telephoning, Could I Leave a Message?, Good to Hear from You Again!, Unfortunately there's a Problem..., Presentations, Planning and Getting Started, Image and Impact and Making an Impression, The Middle of the Presentation, The End is Near...this is the End, Meetings, Making Meetings Effective, Sorry to Interrupt but..., What Do You Mean by...?, Negotiations, Know What You Want, Getting What You Can, Not Getting What You Don't Want, File Cards. |
| 700 1# - ΠΡΟΣΘΕΤΗ ΑΝΑΓΡΑΦΗ--ΦΥΣΙΚΟ ΠΡΟΣΩΠΟ | |
| Personal name | Sweeney Simon |
| 9 (RLIN) | 5977 |
| 942 ## - ADDED ENTRY ELEMENTS (KOHA) | |
| Koha item type | Books |
| Τύπος τεκμηρίου | Βιβλιοθήκη | Τρέχουσα τοποθεσία | Barcode | Αριθμός εισαγωγής | Ημερομηνία απόκτησης | Ταξιθετικό σύμβολο | Αριθμός αντιτύπου | Κατάσταση απόσυρσης | Κατάσταση χαμένου | Κατάσταση κατεστραμμένου | Μη δανεισμός | Σύνολο δανεισμών | Ημερομηνία τελευταίας εμφάνισης | Η τιμή ισχύει από |
|---|---|---|---|---|---|---|---|---|---|---|---|---|---|---|
| Books | MC Athens Campus Library | MC Athens Campus Library | 9780000050335 | 5862 | 05/06/2025 | 428 SWE | 1 | 05/06/2025 | 05/06/2025 |